Seguridad, producción empleo / (Registro nro. 11966)

Detalles MARC
000 -LEADER
fixed length control field 01353nam a2200253Ia 4500
003 - CONTROL NUMBER IDENTIFIER
control field OSt
005 - DATE AND TIME OF LATEST TRANSACTION
control field 20210722113144.0
008 - FIXED-LENGTH DATA ELEMENTS--GENERAL INFORMATION
fixed length control field 130821s1978 ck gr spa
040 ## - CATALOGING SOURCE
Original cataloging agency Co-BoUCM
Language of cataloging spa
Transcribing agency CO-JMCR
041 0# - LANGUAGE CODE
Language code of text/sound track or separate title spa
082 04 - DEWEY DECIMAL CLASSIFICATION NUMBER
Classification number 330.9861
Item number M533s
Edition number 23
111 2# - MAIN ENTRY--MEETING NAME
Meeting name or jurisdiction name as entry element Convención Bancaria y de Instituciones Financieras
Date of meeting or treaty signing (1978 :
Location of meeting Cartagena)
9 (RLIN) 38643
245 ## - TITLE STATEMENT
Title Seguridad, producción empleo /
Statement of responsibility, etc. XVI Convención Bancaria de Instituciones Financieras Cartagena ; Asociación Bancaria de Colombia.
260 ## - PUBLICATION, DISTRIBUTION, ETC.
Place of publication, distribution, etc. Bogotá (Colombia) :
Name of publisher, distributor, etc. La Asociación,
Date of publication, distribution, etc. 1978.
300 ## - PHYSICAL DESCRIPTION
Extent 169 páginas ;
Dimensions 23 cm.
490 0# - SERIES STATEMENT
Series statement Banca ;
Volume/sequential designation 78.
500 ## - GENERAL NOTE
General note Convención celebrada en Cartagena octubre 26,27 y 28 de 1978.
505 0# - FORMATTED CONTENTS NOTE
Title La prosperidad nacional responsabilidad colectiva. /
Statement of responsibility Julio César Turbay Ayala. --
Title Contribución a la política de seguridad, producción y empleo. /
Statement of responsibility Alfonso Dávila Ortiz. --
Title Crecimiento equilibrado en beneficio de los colombianos. /
Statement of responsibility Jaime García Parra. --
Title Fomentar el ahorro nacional para la producción de los servicios. /
Statement of responsibility Luis Guillermo Soto. --
Title Bienestar de la población propósito nacional. /
Statement of responsibility Jorge Mejía Salazar.
650 14 - SUBJECT ADDED ENTRY--TOPICAL TERM
Topical term or geographic name entry element Desarrollo económico
9 (RLIN) 12956
650 24 - SUBJECT ADDED ENTRY--TOPICAL TERM
Topical term or geographic name entry element Economía
9 (RLIN) 174
650 24 - SUBJECT ADDED ENTRY--TOPICAL TERM
Topical term or geographic name entry element Finanzas
9 (RLIN) 7628
710 1# - ADDED ENTRY--CORPORATE NAME
Corporate name or jurisdiction name as entry element Asociación Bancaria de Colombia.
9 (RLIN) 8022
942 ## - ADDED ENTRY ELEMENTS (KOHA)
Koha item type Books
Source of classification or shelving scheme Dewey Decimal Classification
Existencias
Withdrawn status Lost status Source of classification or shelving scheme Damaged status Not for loan Home library Current library Shelving location Date acquired Source of acquisition Full call number Barcode Date last seen Copy number Price effective from Koha item type
    Dewey Decimal Classification     Biblioteca Pública José María del Castillo y Rada Biblioteca Pública José María del Castillo y Rada General Stacks 04/15/2018 Donación 330.9861 / M533s 430003153 05/16/2024 Ej.1 03/10/2021 Books